000 00301 a2200157 4500
001 163680
020 _a
040 _cMagnum
100 _aAmos, Eduardo
240 1 0 _aColors
_lING
245 1 0 _aColors
362 0 _a1899
440 1 _aModerna
697 _aLITERATURA ESTRANGEIRA
942 _cBK
999 _c163680
_d163680